Countries with capybaras - Statistics

General Stats
  • This quiz has been taken 33 times
    31 since last reset
  • The average score is 10 of 11
Answer Stats
Answer % Correct
Brazil
100%
Colombia
93%
Argentina
89%
Ecuador
89%
Paraguay
89%
Peru
89%
Uruguay
89%
Venezuela
89%
Bolivia
86%
Guyana
86%
French Guyana
54%
No matching quizzes found
Score Distribution
Percent of People with Each Score
Percentile by Number Answered
Your Score History
You have not taken this quiz since the last reset